• Bruno Francesco

di Personal Name

Records bibliografici associati: 1

001 - CONTROL NUMBER

  • control field: 17879

003 - CONTROL NUMBER IDENTIFIER

  • control field: IT-RoPau

005 - DATE AND TIME OF LATEST TRANSACTION

  • control field: 20140401093252.0

008 - FIXED-LENGTH DATA ELEMENTS

  • fixed length control field: 140401|| aca||aabn | a|a d

040 ## - CATALOGING SOURCE

  • Original cataloging agency: IT-RoPau
  • Transcribing agency: IT-RoPau

100 ## - HEADING--PERSONAL NAME

  • Personal name: Bruno Francesco
  • Miscellaneous information: Codice autore testo/musica SPICS: 23254
  • Relator term: Autore testo/musica
  • Name of part/section of a work: U.F.O. - Mano e mano - Ma che bella cosa - Tamburo - L'anno del sole intero

670 ## - SOURCE DATA FOUND

  • Source citation: Work cat.: (IT-RoPau)101163: De Sio Teresa 1907, Africana
CREDITS: SOCIETA' SAN PAOLO Via A.Severo, 58 - ROMA (RM) & PERIODICI SAN PAOLO SRL Via Giotto, 36 MILANO & CISF Via Giotto, 36 MILANO & EDIZIONI SAN PAOLO SRL,  Piazza Soncino, 5 CINISELLO BALSAMO (MI) -- ITALY